Dimana letaknya negara Islam

Bibliographic Details
Main Author: Hasjmy, A. (Author)
Format: Book
Published: Singapura : Pustaka Nasional , 1970
Subjects:

MARC

LEADER 00000cam a2200000 7i4500
001 0000006430
005 20031222093000.0
008 021119s1970
090 0 0 |a BP165   |b .H37 
100 0 |a Hasjmy, A. ,   |e author 
245 0 0 |a Dimana letaknya negara Islam   |c A. Hasjmy 
260 2 |a Singapura :   |b Pustaka Nasional ,   |c 1970 
300 |a 315 ms. ;   |c 19 sm. 
504 |a Mengandungi bibliografi 
650 0 |a Islam 
651 0 |a Islamic countries 
999 |a 1000005586   |b Book   |c OPEN SHELF (30 DAYS)   |e Gong Badak Campus 
999 |a 1000005587   |b Book   |c OPEN SHELF (30 DAYS)   |e Gong Badak Campus